Obálka Náhled e-knihy:
PDF Epub
Pro půjčování e-knih musíte být přihlášeni.
Jak si půjčit online?

Hviezdy futbalu: Neymar /

Od skromných začiatkov v Brazílii až po získanie pozície v najobávanejšom útočnom triu svetového futbalu prešiel Neymar da Silva Santos Júnior dlhú a náročnú cestu. K získaniu niektorých významných futbalových trofejí musel prekonať vážne zranenie a vyrovnať sa s obrovským tlakom a očakávaniami celé...

Celý popis

Uloženo v:
Hlavní autor: Coninx, Harry (Autor)
Médium: E-kniha
Jazyk:Czech
Vydáno: Praha : Albatros Media Slovakia s.r.o., 2026
Tagy:
Žádné tagy
LEADER 01426nam a22002297i 4500
001 302751
007 ta
008 260514s2026 xr ||||| |||| 00| 0 cze d
020 |a 9788056651438 
044 |a xr 
100 1 |a  Coninx, Harry  |4 aut 
245 1 0 |a Hviezdy futbalu: Neymar /  |c  Coninx, Harry 
240 1 0 |a Tales from the Pitch: Neymar 
264 1 |a Praha :  |b Albatros Media Slovakia s.r.o.,  |c 2026 
300 |a 1 online zdroj (120 stran) 
336 |a text  |b txt  |2 rdacontent 
337 |a bez média  |b n  |2 rdamedia 
338 |a online zdroj  |b cr  |2 rdacarrier 
520 2 |a Od skromných začiatkov v Brazílii až po získanie pozície v najobávanejšom útočnom triu svetového futbalu prešiel Neymar da Silva Santos Júnior dlhú a náročnú cestu. K získaniu niektorých významných futbalových trofejí musel prekonať vážne zranenie a vyrovnať sa s obrovským tlakom a očakávaniami celého národa. Inšpirujte sa príbehom jedného z najtalentovanejších futbalistov planéty. 
910 |a RBIT002 
998 |d 427009  |a https://core.palmknihy.cz/api/books/427009/cover?tesgin  |b https://core.palmknihy.cz/api/books/427009/cover/400?tesgin  |c https://core.palmknihy.cz/api/books/427009/cover/50?tesgin  |e 2031-02-10  |g 120  |i 9788056651438  |j https://core.palmknihy.cz/api/books/427009/preview.epub  |k https://core.palmknihy.cz/api/books/427009/preview.pdf  |l   |q 49  |r 1  |s https://www.palmknihy.cz/kniha/427009  |t ebook  |y 2026  |z 1 
999 |d 302749